[Event "Oberliga Bayern 2122"]
[Site "Bayern"]
[Date "2022.03.20"]
[Round "4.7"]
[White "Werner, Claus"]
[Black "Gerlach, Florian"]
[Result "1-0"]
[WhiteElo "2173"]
[BlackElo "1727"]
[PlyCount "39"]
[EventDate "2021.10.24"]
[EventType "team-tourn"]
[EventRounds "9"]
[EventCountry "GER"]
[SourceTitle "EXT 2024"]
[Source "ChessBase"]
[SourceDate "2023.10.10"]
[SourceVersion "1"]
[SourceVersionDate "2023.10.10"]
[SourceQuality "1"]
[WhiteTeam "Regensburg Post/Sued"]
[BlackTeam "Weilheim"]
[WhiteTeamCountry "GER"]
[BlackTeamCountry "GER"]

1. e4 c5 2. Nf3 g6 3. d4 cxd4 4. Nxd4 Nc6 5. c4 Nf6 6. Nc3 Nxd4 7. Qxd4 d6 8. Be2 Bg7 9. Be3 0-0 10. Qd2 a5 11. h3 a4 12. Rc1 Bd7 13. 0-0 Qa5 14. c5 Bc6 15. cxd6 exd6 16. Bf3 Rfe8 17. Rfd1 Nxe4 18. Nxe4 Bxe4 19. Qxa5 Rxa5 20. Bxe4 1-0

[Event "Pfarrkirchen Rottal op 1st"]
[Site "Pfarrkirchen"]
[Date "2017.04.16"]
[Round "4"]
[White "Gerlach, Florian"]
[Black "Spiesberger, Gerhard"]
[Result "0-1"]
[WhiteElo "1860"]
[BlackElo "2023"]
[PlyCount "106"]
[EventDate "2017.04.14"]
[EventType "swiss"]
[EventRounds "7"]
[EventCountry "GER"]
[SourceTitle "CBM 177 Extra"]
[Source "ChessBase"]
[SourceDate "2017.04.27"]
[SourceVersion "1"]
[SourceVersionDate "2017.04.27"]
[SourceQuality "1"]

1. d4 e6 2. Nf3 f5 3. Nc3 Nf6 4. Bg5 Be7 5. Bxf6 Bxf6 6. e4 0-0 7. exf5 exf5 8. Bc4+ Kh8 9. 0-0 d6 10. Re1 Nc6 11. a3 Ne7 12. Qd2 d5 13. Bd3 Ng6 14. Ne5 Bxe5 15. dxe5 Be6 16. f4 c6 17. Qf2 Qb6 18. Ne2 Qxf2+ 19. Kxf2 Kg8 20. g3 Kf7 21. Nd4 Ne7 22. c4 g6 23. Nxe6 Kxe6 24. cxd5+ cxd5 25. Rac1 Rac8 26. Ke2 Nc6 27. Ke3 Na5 28. Rc3 Rxc3 29. bxc3 Rc8 30. Kd2 Nb3+ 31. Kc2 Nc5 32. Kd2 Ne4+ 33. Bxe4 dxe4 34. Re3 Kd5 35. Kc2 Kc4 36. g4 fxg4 37. Rxe4+ Kd5 38. Rd4+ Ke6 39. Kd3 Rc7 40. c4 Rd7 41. Rxd7 Kxd7 42. Ke4 Ke6 43. c5 h5 44. a4 h4 45. Ke3 Kf5 46. a5 a6 47. Kf2 g5 48. fxg5 Kxg5 49. Ke3 Kf5 50. e6 Kxe6 51. Kf4 g3 52. hxg3 hxg3 53. Kxg3 Kd5 0-1

[Event "Forchheim op-B 15th"]
[Site "Forchheim"]
[Date "2016.10.03"]
[Round "5"]
[White "Gerlach, Florian"]
[Black "Lutz, Ruben"]
[Result "1/2-1/2"]
[WhiteElo "1855"]
[BlackElo "1846"]
[PlyCount "69"]
[EventDate "2016.10.01"]
[EventType "swiss"]
[EventRounds "5"]
[EventCountry "GER"]
[SourceTitle "EXT 2019"]
[Source "ChessBase"]
[SourceDate "2018.10.10"]
[SourceVersion "1"]
[SourceVersionDate "2018.10.10"]
[SourceQuality "1"]

1. d4 d5 2. Nf3 Nf6 3. e3 Bg4 4. h3 Bh5 5. g4 Bg6 6. Ne5 Nfd7 7. h4 Nxe5 8. dxe5 h5 9. Bd3 Bxd3 10. Qxd3 e6 11. g5 g6 12. Nc3 Nc6 13. f4 Nb4 14. Qe2 c5 15. a3 Nc6 16. Bd2 Qd7 17. 0-0-0 0-0-0 18. Be1 a6 19. Bf2 Qc7 20. Nb1 b5 21. c3 Na5 22. Nd2 Be7 23. e4 Rd7 24. exd5 Rxd5 25. c4 bxc4 26. Nxc4 Nb3+ 27. Kc2 Nd4+ 28. Bxd4 cxd4 29. Kb1 Kb8 30. Rhe1 Qb7 31. Qd3 Rc8 32. Rd2 Rc7 33. Rc2 Rb5 34. Nd6 Bxd6 35. exd6 1/2-1/2